| 000 | 00000nas 2200000za 4500 |
| 001 | 9.507153 |
| 003 | CaOODSP |
| 005 | 20231018093322 |
| 007 | cr ||||||||||| |
| 008 | 150406d19962014qucar pso||||f0 a0eng|d |
| 040 | |aCaOODSP|beng |
| 043 | |an-cn--- |
| 086 | 1 |aNM21-1E-PDF |
| 110 | 1 |aCanada.|bCanadian Museum of Civilization. |
| 245 | 10|aSummary of the corporate plan of the Canadian Museum of Civilization Corporation ... |h[electronic resource] : |bincluding the operating and capital budgets, pro-forma financial statements ... |
| 246 | 10|aSummary of the corporate plan ..., summary of the operating and capital budgets ... |
| 260 | |a[Gatineau] : |bCanadian Museum of Civilization Corporation, |c[1996?]-2014. |
| 310 | |aAnnual |
| 362 | 1 |aBegan with 1996-1997 to 2000-2001, ceased with 2013-2014 to 2017-2018. |
| 500 | |aIssued also in French under title: Résumé du plan d'entreprise. |
| 692 | 07|2gccst|aMuseums |
| 692 | 07|2gccst|aCanadian history |
| 692 | 07|2gccst|aMilitary history |
| 775 | 08|tSociété du Musée canadien des civilisations, résumé du plan d'entreprise ... |w(CaOODSP)9.503543 |
| 785 | 00|tSummary of the corporate plan of the Canadian Museum of History for the planning period ... |w(CaOODSP)9.825985 |